000 00532nam a2200181Ia 4500
008 090124s9999 xx 000 0 und d
082 _b204901
100 _aदास वर्षा
245 _a आंसू का खारापन
250 _a1
260 _bमोदी चिनु
_c1999
300 _a1
600 _aदास वर्षा
630 _a आंसू का खारापन
700 _aदास वर्षा
730 _a आंसू का खारापन
942 _cBOOK
999 _c186482
_d186482